Statistics for Countries and States Closest in Size to New Jersey

Click here to take the quiz!

General Stats

  • This quiz has been taken 51 times
  • The average score is 8 of 12

Answer Stats

Area km2 (sqmi)HintAnswer% Correct
20770 (8019)Middle EastIsrael
90%
24214 (9349)US StateNew Hampshire
83%
24906 (9616)US StateVermont
83%
27336 (10554)US StateMassachusetts
76%
21041 (8124)North AmericaEl Salvador
64%
17818 (6880)Middle EastKuwait
64%
22966 (8867)North AmericaBelize
62%
25713 (9928)EuropeMacedonia
55%
26338 (10169)AfricaRwanda
55%
18,272 (7055)OceaniaFiji
50%
20,273 (7827)EuropeSlovenia
50%
23200 (9000)AfricaDjibouti
40%

Score Distribution

Percentile by Number Answered

Percent of People with Each Score

Your Score History

You have not taken this quiz